Welcome to the Holygrace Academy Library

Please use search bar below to get started

TOP 10OF EVERYTHING 2009 (Record no. 1869)

MARC details
000 -LEADER
fixed length control field 00316nam a22001337a 4500
020 ## - INTERNATIONAL STANDARD BOOK NUMBER
ISBN 978-0-600-61739-6
082 ## - DEWEY DECIMAL CLASSIFICATION NUMBER
Classification number 001
Item number ASH/T
100 ## - MAIN ENTRY--AUTHOR NAME
Personal name ASH, RUSSELL
245 ## - TITLE STATEMENT
Title TOP 10OF EVERYTHING 2009
260 ## - PUBLICATION, DISTRIBUTION, ETC. (IMPRINT)
Place of publication GREAT BRITAIN
Name of publisher HAMLYN
Year of publication 2009
300 ## - PHYSICAL DESCRIPTION
Number of Pages 256
650 ## - SUBJECT ADDED ENTRY--TOPICAL TERM
Topical Term GENERAL KNOWLEDGE
Geographic subdivision GREAT BRITAIN
942 ## - ADDED ENTRY ELEMENTS (KOHA)
Koha item type Books
Holdings
Withdrawn status Lost status Collection code Home library Current library Shelving location Date acquired Source of acquisition Full call number Accession Number Koha item type
    Reference Main Library Main Library SHELF 1-C ENCYCLOPEDIAS ,G K REFERENCE 03/08/2009 purchase 001 ASH/T 09765 Books
    Reference Main Library Main Library SHELF 1-C ENCYCLOPEDIAS ,G K REFERENCE 03/08/2009 purchase 001 ASH/T 09767 Books